000 01359nam a22002177a 4500
005 20251217170552.0
008 251217b ||||fr|||| 00| 0 eng d
040 _aCENDOC CAAAP
_bspa
_cCAAAP
041 _aspa
050 _aJC 599
_b.W54
100 1 _95733
_aWiesse, Patricia
_eautor
245 1 _aCuando violar a una mujer era pan de cada día :
_bEl caso de Manta y Vilca /
_cPatricia Wiesse, Gerardo Saravia, Juan José Quispe
250 _a1ra edición
260 1 _aLima, Perú :
_bInstituto de Defensa Legal,
_c2018.
300 _a99 páginas :
_bilustraciones,
_c21 x 15 cm
505 _aContenido: I: M. A. B. -- II: Cuando M. A. B. fue violada tenía 15 años -- III: Huancavelica -- IV: Prolegómenos de un juicio -- V: N. P. M., señora de ojos verdes -- VI: El primer juicio -- VII: M. A. E. -- VIII: Cuando M. A. E. fue violada tenía 16 años -- IX: M. S. C. -- X. Cuando M. S. C. fue violada tenía 17 años ... ("pero era mi enamorada") -- XI: ¿Hasta cuándo se luchará por obtener justicia? -- XII: En medio de este oscuro panorama ... ¿es posible condenar a los militares acusados? -- XIII: ¿Por qué se considera un caso de lesa humanidad?.
650 0 _94189
_aViolencia de Género
_vMujer
_xViolencia sexual
700 1 _95734
_aSaravia, Gerardo
_eautor
700 1 _95735
_aQuispe, Juan José
_eautor
942 _2lcc
_bDD - MM - AA
_cBK
999 _c4278
_d4278